LEADER 01218nam a2200229 i 4500 001 000000014193 003 CaOOAMICUS 005 20260326140536.0 008 180830s19301934it u000 u lat u 040 $aSeMil$bita 100 1 $aCornelius : a Lapide,$c.$0(OLS)http://semarc/name/6672 245 10$aCommentaria in omnes Sancti Pauli Epistolas /$cR. P. Cornelii a Lapide recognovit subjectisque notis illustravit ; emendavit et ad praesentem sacrae scientiae statum adduxit can. Antonius Padovani. 260 $aTaurini ; Romae :$bMarietti a. 1820 condita,$c1930-1934. 300 $av. ;$c23 cm. 650 4$aBibbia. Nuovo Testamento. Lettere di Paolo - Commentari, studi, critica, interpretazioni.$0(OLS)http://semarc/subject/935 700 1 $aPadovani, Antonio.$0(OLS)http://semarc/name/6673 774 0 $tIn Epistolas ad Romanos et 1. ad Corinthios.$g1$w()85591 774 0 $tIn epistolas.$bEditio 2. stereotypa$g2$w()142693 774 0 $tIn epistolas.$bEditio 2. streotypa$g3$w()142694 996 $6245$aCommentaria in omnes Sancti Pauli Epistolas$9(OLS)http://semarc/title/18824 996 $6260$aTaurini ; Romae :$bMarietti a. 1820 condita$9(OLS)http://semarc/publisher/29965